Central Library OPAC University of Rajshahi

Political thought in England from Bacon to Halifax / (Record no. 58372)

MARC details
000 -LEADER
fixed length control field 00871nam a2200253 a 4500
001 - CONTROL NUMBER
control field 58372
003 - CONTROL NUMBER IDENTIFIER
rucl marc code BD-RjUL
005 - DATE AND TIME OF LATEST TRANSACTION
control field 20211209080619.0
008 - FIXED-LENGTH DATA ELEMENTS--GENERAL INFORMATION
fixed length control field 161218r19501946enk b 001 0 eng d
035 ## - SYSTEM CONTROL NUMBER
System control number (BD-RjUL)58496
System control number 945915
040 ## - CATALOGING SOURCE
Original cataloging agency ANL
Language of cataloging eng
Transcribing agency ANL
Modifying agency BD-RjUL
041 ## - LANGUAGE CODE
Language code of text/sound track or separate title eng
082 ## - DEWEY DECIMAL CLASSIFICATION NUMBER
Edition number 23
Classification number 320.942
Author mark and year GOP 1950
100 1# - MAIN ENTRY--PERSONAL NAME
Personal name Gooch, G. P.
Fuller form of name (George Peabody),
Dates associated with a name 1873-1968.
9 (RLIN) 173363
245 10 - TITLE STATEMENT
Title Political thought in England from Bacon to Halifax /
Statement of responsibility, etc. G. P. Gooch.
260 ## - PUBLICATION, DISTRIBUTION, ETC. (IMPRINT)
Place of publication, distribution, etc. London :
Name of publisher, distributor, etc. Oxford university press,
Date of publication, distribution, etc. 1946 [reprinted1950].
300 ## - PHYSICAL DESCRIPTION
Pagination 202 p. ;
Size 17 cm.
490 0# - SERIES STATEMENT
Series statement The home university library of modern knowledge ;
Volume/sequential designation 96
504 ## - BIBLIOGRAPHY, ETC. NOTE
Bibliography, etc Includes index and Bibliography: p. 196-200.
650 #0 - SUBJECT ADDED ENTRY--TOPICAL TERM
Topical term or geographic name as entry element Political science
General subdivision History
Geographic subdivision Great Britain.
9 (RLIN) 173364
856 ## - ELECTRONIC LOCATION AND ACCESS
Uniform Resource Identifier <a href="The home university library of modern knowledge ">The home university library of modern knowledge </a>
942 ## - ADDED ENTRY ELEMENTS (KOHA)
Source of classification or shelving scheme Dewey Decimal Classification
Koha item type Books
Holdings
Lost status Source of classification or shelving scheme Damaged status Not for loan Collection code Permanent Location Current Location Shelving location Date acquired Source of acquisition Cost, normal purchase price Total Checkouts Full call number Date last seen Copy number Koha item type
  Dewey Decimal Classification   Not For Loan Non-fiction Central Library, University of Rajshahi Central Library, University of Rajshahi Reading Room 03/03/1955 O.U.P 3.60   320.942 GOP 1950 18/12/2016 C-1 Books